000 00709cam a22002171 4500
001 med47003541
003 DLC
005 20260227111608.0
008 810815s1947 xx 000 0 eng
010 _amed47003541
035 _a(OCoLC)14733201
040 _aDLC
_cDNLM
_dDLC
042 _apremarc
050 0 0 _aR727
_b.R5
060 0 _aW 62
_bR499r 1947
110 2 _aRaymond Rich Associates.
245 1 0 _aReport on public relations to the Colorado State Medical Society
_b Fully annotated, showing actions taken by the Board of Trustees of the Colorado State Medical Society upon each recommendation.
260 _a[Denver]
_cc1947.
300 _a19 p.
710 2 _aColorado State Medical Society.
999 _c38801
_d38801